|
|
|
|
| LEADER |
01195nam a2200253 a 4500 |
| 001 |
14429405 |
| 008 |
100110s2008 mauab b 001 0 eng d |
| 010 |
|
|
|a 2006046622
|
| 020 |
|
|
|a 9780073530949 (pbk. alk. paper)
|
| 020 |
|
|
|a 0073530948 (pbk. : alk. paper)
|
| 040 |
|
|
|a DLC
|c DLC
|d DLC
|d BD-DhAAL
|
| 082 |
0 |
0 |
|a 301
|2 22
|
| 100 |
1 |
|
|a Kottak, Conrad Phillip.
|
| 245 |
1 |
0 |
|a Anthropology :
|b the exploration of human diversity /
|c Conrad Phillip Kottak.
|
| 250 |
|
|
|a 12th ed.
|
| 260 |
|
|
|a Boston :
|b McGraw Hill Higher Education,
|c c2008.
|
| 300 |
|
|
|a 1 v. (various pagings) :
|b ill. (chiefly col.), col. maps ;
|c 28 cm. +
|e 1 CD-ROM (4 3/4 in.)
|
| 504 |
|
|
|a Includes bibliographical references and index.
|
| 541 |
1 |
|
|e 00016363
|
| 538 |
|
|
|a System requirements for accompanying CD-ROM: Windows, Windows 2000 SP4 or XP SP2, Internet Explorer 6.0 or Firefox 1.5; Macintosh, Mac OS 10.2, 10.3, 10.4, Internet Explorer 6.0 or Firefox 1.5.
|
| 650 |
|
0 |
|a Anthropology.
|
| 852 |
4 |
|
|a Ayesha Abed Library
|j General Shelf.
|
| 999 |
|
|
|c 6851
|d 6851
|
| 952 |
|
|
|0 0
|1 0
|2 ddc
|4 0
|6 301_KOT_200800000000000
|7 0
|9 7062
|a BRACUL
|b BRACUL
|c GEN
|d 2010-01-11
|l 15
|m 15
|o 301 KOT
|p 3010016363
|r 2025-05-25
|s 2025-05-20
|t 1
|w 2010-01-11
|y BK
|